000 00668nam a2200289Ia 4500
005 20260324141832.0
008 008 260324s9999 xx 000 0 eng d
020 _a9780203977156
037 _aEBOOK
040 _aCRL
040 _beng
040 _cCRL
041 _2eng
041 _aeng
084 _qCRL
100 _aTim Dyson
_91209698
245 0 _aPopulation and Food
245 0 _bGlobal Trends and Future Prospects
260 _bTaylor and Francis
260 _c1996
365 _a
365 _b205
856 _uhttp://www.taylorfrancis.com/books/9780203977156
942 _cEBOOK
999 _c1813188
_d1813188